000 00444nam a2200181Ia 4500
001 3760
005 20260306145707.0
008 260306t2006||||xx |||||||||||||| ||spa||
041 _aESP
082 _a302.35
_bG77 2006
100 _aGrados Espinosa, Jaime A.
_eAUT
245 0 _aProceso de la comunicación texto impreso
260 _c2006
300 _a167 pƔginas :
_ccm.
650 _aGEN
654 _aCED
942 _cLIB
_dJUS
_fJUS
_2ddc
_n
999 _c3760
_d3760